Propuesta para la actualización y reinserción de la mención maquinas Navales en la Licenciatura de Ciencias Navales 2024-2028 / (Registro nro. 8118)
[ vista simple ]
| 000 -CABECERA | |
|---|---|
| campo de control de longitud fija | 01725nam a22002417a 4500 |
| 003 - IDENTIFICADOR DEL NÚMERO DE CONTROL | |
| campo de control | DO-SdBJH |
| 005 - FECHA Y HORA DE LA ÚLTIMA TRANSACCIÓN | |
| campo de control | 20250328125704.0 |
| 008 - DATOS DE LONGITUD FIJA--INFORMACIÓN GENERAL | |
| campo de control de longitud fija | 250328b |||||||| |||| 00| 0 spa d |
| 040 ## - FUENTE DE LA CATALOGACIÓN | |
| Centro catalogador/agencia de origen | DO-SdBJH |
| Lengua de catalogación | spa |
| Centro/agencia transcriptor | DO-SdBJH |
| 090 ## - LOCALMENTE ASIGNADO TIPO-LC NÚMERO DE CLASIFICACIÓN (OCLC); NÚMERO DE CLASIFICACIÓN LOCAL (RLIN) | |
| Número de clasificación (OCLC) (R) ; Numero de clasificación, CALL (RLIN) (NR) | TG ANGM |
| Número cutter local (OCLC) ; Número de libro/Signatura topográfica íntegra, CALL (RLIN) | 02290 2023 |
| 100 1# - ENTRADA PRINCIPAL--NOMBRE DE PERSONA | |
| Nombre de persona | Rodríguez Fernández, Laurys Alexandra |
| Término indicativo de función/relación | sustentante |
| 245 10 - MENCIÓN DE TÍTULO | |
| Título | Propuesta para la actualización y reinserción de la mención maquinas Navales en la Licenciatura de Ciencias Navales 2024-2028 / |
| Mención de responsabilidad, etc. | Laurys Alexandra Rodríguez Fernández, Marena Milagros García Vargas, asesores Randy Ezekiel Vegazo Fanith, Gertrudis Perera Rodríguez |
| 260 ## - PUBLICACIÓN, DISTRIBUCIÓN, ETC. | |
| Lugar de publicación, distribución, etc. | Santo Domingo Este : |
| Nombre del editor, distribuidor, etc. | INSUDE, |
| Fecha de publicación, distribución, etc. | 2023 |
| 300 ## - DESCRIPCIÓN FÍSICA | |
| Extensión | xiii, 83 páginas, cuadro, gráfico |
| 502 ## - NOTA DE TESIS | |
| Nota de tesis | Trabajo de grado (Licenciado en Ciencias Navales). -- Instituto Superior para la Defensa (INSUDE). Academia Naval Marina de Guerra “Vicealmirante Cesar D’Windt Lavandier”, 2023 |
| 504 ## - NOTA DE BIBLIOGRAFÍA, ETC. | |
| Nota de bibliografía, etc. | Incluye referencias bibliográficas e índices |
| 505 ## - NOTA DE CONTENIDO CON FORMATO | |
| Nota de contenido con formato | Marco legal y situación actual de la Educación Técnica a nivel superior en la Armada de República Dominicana. -- Necesidad y pertinencia de reinsertar la mención maquinas Navales en la Licenciatura de Ciencias Navales de la Academia Naval. -- Propuesta para la actualización y reinserción la mención maquinas Navales en la Licenciatura de Ciencias Navales para satisfacer las necesidades actuales de la Armada |
| 700 1# - PUNTO DE ACCESO ADICIONAL--NOMBRE DE PERSONA | |
| Nombre de persona | García Vargas, Marena Milagros |
| Término indicativo de función/relación | sustentante |
| 700 1# - PUNTO DE ACCESO ADICIONAL--NOMBRE DE PERSONA | |
| Nombre de persona | Vegazo Fanith, Randy Ezekiel |
| Término indicativo de función/relación | asesor |
| 700 1# - PUNTO DE ACCESO ADICIONAL--NOMBRE DE PERSONA | |
| Nombre de persona | Perera Rodríguez, Gertrudis |
| Término indicativo de función/relación | asesor |
| 830 ## - PUNTO DE ACCESO ADICIONAL DE SERIE-TÍTULO UNIFORME | |
| Título uniforme | INSUDE. Academia Naval Marina de Guerra “Vicealmirante Cesar D’Windt Lavandier”. Tesis y disertaciones académicas |
| 942 ## - ELEMENTOS DE PUNTO DE ACCESO ADICIONAL (KOHA) | |
| Fuente del sistema de clasificación o colocación | Clasificación Local |
| Tipo de ítem Koha | Tesis |
| Estado de retiro | Estado de pérdida | Fuente del sistema de clasificación o colocación | Estado dañado | No para préstamo | Código de colección | Localización permanente | Ubicación/localización actual | Fecha de adquisición | Número de inventario | Total de préstamos | Signatura topográfica completa | Código de barras | Fecha visto por última vez | Número de copia | Precio válido a partir de | Tipo de ítem Koha |
|---|---|---|---|---|---|---|---|---|---|---|---|---|---|---|---|---|
| Clasificación Local | Colección General | SIBM UNADE - Biblioteca Sede Central | SIBM UNADE - Biblioteca Sede Central | 03/28/2025 | 23-02290 | TG ANGM 02290 2023 | 23-02290 | 03/28/2025 | e.1 | 03/28/2025 | Tesis |
